| 000 | 00942cam a2200253 4500 | ||
|---|---|---|---|
| 001 | WB3712-24 | ||
| 008 | 000000n2001 000 0 eng u | ||
| 035 | _a(Sirsi) u111568 | ||
| 245 | _aLandlords and occupiers at odds | ||
| 260 | _c2001 | ||
| 490 |
_aTimes _v21 March 2001, 29(2) |
||
| 520 | _aAs the deadline set by the Environment Minister for the review of upward-only rent reviews approached Landlords and office and retail occupiers remain at odds over proposed changes to the system. Neither side, however, would welcome government interference in the process. | ||
| 590 | _aWB | ||
| 650 | _aBUSINESS TENANCIES | ||
| 650 | _aCOMMERICAL LEASES | ||
| 650 | _aPROPERTY-COMMERCIAL PROPERTY-COMMERCIAL PROPERTY MARKET | ||
| 650 | _aCOMMERCIAL SECTOR | ||
| 650 | _aFLEXIBILITY | ||
| 650 | _aOFFICES | ||
| 650 | _aRENT REVIEWS | ||
| 650 | _aRETAIL SECTOR | ||
| 690 | _aLANDLORD AND TENANT-BUSINESS TENANCIES | ||
| 942 | _n0 | ||
| 999 |
_c66482 _d66482 |
||